भारतीय वैज्ञानिक एवं औधोगिक अनुसंधान पत्रिका (Record no. 28582)
[ view plain ]
| 000 -LEADER | |
|---|---|
| fixed length control field | 00739nam a22001577a 4500 |
| 005 - DATE AND TIME OF LATEST TRANSACTION | |
| control field | 2009072300340.0 |
| 008 - FIXED-LENGTH DATA ELEMENTS--GENERAL INFORMATION | |
| fixed length control field | 090723t xxu||||| |||| 00| 0 eng d |
| 245 ## - TITLE STATEMENT | |
| Title | भारतीय वैज्ञानिक एवं औधोगिक अनुसंधान पत्रिका |
| 246 ## - VARYING FORM OF TITLE | |
| Title proper/short title | Bhartiya vaigyanik evam audyogik anusandhan patrika |
| 260 ## - PUBLICATION, DISTRIBUTION, ETC. (IMPRINT) | |
| Place of publication, distribution, etc | New Delhi |
| Name of publisher, distributor, etc | National Institute of Science Communication and Information Resources, CSIR |
| Date of publication, distribution, etc | 2009- |
| 300 ## - PHYSICAL DESCRIPTION | |
| Extent | खण्ड |
| Dimensions | 26 से.मी. |
| 310 ## - CURRENT PUBLICATION FREQUENCY | |
| Current publication frequency | अर्ध्दवार्षिक |
| 270 ## - ADDRESS | |
| Address | Dr. KS Krishnan Marg, |
| City | New Delhi |
| Postal code | 110012 |
| 942 ## - ADDED ENTRY ELEMENTS (KOHA) | |
| Source of classification or shelving scheme | Dewey Decimal Classification |
| Item type | Periodicals |
| Serial record | 1 |
| Withdrawn status | Lost status | Source of classification or shelving scheme | Damaged status | Not for loan | Collection code | Home library | Current library | Date acquired | Total Checkouts | Date last seen | Price effective from | Koha item type |
|---|---|---|---|---|---|---|---|---|---|---|---|---|
| Dewey Decimal Classification | Not For Loan | Non-fiction | D.B.Act.Division | D.B.Act.Division | 23/07/2009 | 23/07/2009 | 23/07/2009 | Periodicals |
